[Event "Antalya op"]
[Site "Antalya"]
[Date "2011.01.09"]
[Round "3"]
[White "Cetin, Irfan"]
[Black "Eroglu, Deniz"]
[Result "1-0"]
[WhiteElo "1465"]
[BlackElo "1363"]
[PlyCount "121"]
[EventDate "2011.01.08"]
[EventType "swiss"]
[EventRounds "9"]
[EventCountry "TUR"]
[SourceTitle "EXT 2012"]
[Source "ChessBase"]
[SourceDate "2011.11.24"]
[SourceVersion "1"]
[SourceVersionDate "2011.11.24"]
[SourceQuality "1"]

1. Nf3 Nf6 2. g3 g6 3. Bg2 Bg7 4. d3 d5 5. 0-0 0-0 6. Nbd2 c6 7. e4 dxe4 8. dxe4 Na6 9. c3 Qc7 10. b4 Bg4 11. Re1 e5 12. h3 Bd7 13. Bb2 Rad8 14. Qc2 Rfe8 15. a3 c5 16. Qb3 Qc8 17. g4 h5 18. Ng5 Be6 19. Nxe6 Qxe6 20. Qxe6 Rxe6 21. Nf3 hxg4 22. hxg4 Nxg4 23. Bh3 f5 24. c4 cxb4 25. exf5 gxf5 26. Kf1 bxa3 27. Rxa3 Rh6 28. Bxg4 fxg4 29. Nxe5 Rh1+ 30. Ke2 Rxe1+ 31. Kxe1 Re8 32. Re3 Nc5 33. Kf1 g3 34. f4 Nd7 35. Rxg3 Nxe5 36. Bxe5 Re7 37. Kf2 Kf7 38. Rxg7+ Ke6 39. Rxe7+ Kxe7 40. Ke3 a6 41. c5 Ke6 42. Kd4 a5 43. Kc4 a4 44. Kb4 Kd5 45. Kxa4 Kxc5 46. f5 Kc6 47. f6 Kd7 48. Kb5 Ke6 49. Kb6 Kd7 50. Kxb7 Kd8 51. Kc6 Ke8 52. Kd6 Kf7 53. Kd7 Kf8 54. Ke6 Ke8 55. f7+ Kf8 56. Bd6+ Kg7 57. f8Q+ Kg6 58. Qf5+ Kh6 59. Qg4 Kh7 60. Kf6 Kh8 61. Qg7# 1-0

[Event "Antalya op"]
[Site "Antalya"]
[Date "2011.01.09"]
[Round "4"]
[White "Reyhan, Zeynel"]
[Black "Cetin, Irfan"]
[Result "1-0"]
[WhiteElo "1871"]
[BlackElo "1465"]
[PlyCount "63"]
[EventDate "2011.01.08"]
[EventType "swiss"]
[EventRounds "9"]
[EventCountry "TUR"]
[SourceTitle "EXT 2012"]
[Source "ChessBase"]
[SourceDate "2011.11.24"]
[SourceVersion "1"]
[SourceVersionDate "2011.11.24"]
[SourceQuality "1"]

1. e4 Nf6 2. e5 Nd5 3. Bc4 c6 4. d4 g6 5. Nf3 Bg7 6. Bxd5 cxd5 7. Nc3 e6 8. Bg5 Qb6 9. a4 0-0 10. 0-0 d6 11. Be7 dxe5 12. Bxf8 Kxf8 13. Nxe5 Nc6 14. Nxc6 bxc6 15. Ne2 Ba6 16. Re1 Bxe2 17. Rxe2 Bxd4 18. c3 Bf6 19. Qd3 Rd8 20. Qf3 Kg7 21. h4 Bxh4 22. g3 Bf6 23. Kg2 d4 24. cxd4 Rxd4 25. Rh1 Rxa4 26. Rxh7+ Kxh7 27. Qxf6 Qb7 28. Re1 Ra5 29. g4 Rd5 30. Rh1+ Rh5 31. gxh5 c5+ 32. f3 1-0